| Record ID | marc_loc_updates/v37.i38.records.utf8:6792060:737 |
| Source | Library of Congress |
| Download Link | /show-records/marc_loc_updates/v37.i38.records.utf8:6792060:737?format=raw |
LEADER: 00737dam a22002538a 4500
001 95012990
003 DLC
005 20090915120248.0
008 950314s1996 nyu 001 0 eng
010 $a 95012990
020 $a0866363386 (alk. paper)
020 $a0866364315 (alk. paper)
040 $aDLC$cDLC$dDLC
050 00 $aZ246$b.H45 1996
082 00 $a686.2/252$220
100 1 $aHeller, Steven.
245 10 $aNewsletters now :$bfrom classic to new wave /$cby Steven Heller and Elinor Pettit.
260 $aGlen Cove, NY :$bLibrary of Applied Design,$c1996.
263 $a9507
300 $ap. cm.
500 $aIncludes index.
650 0 $aGraphic design (Typography)
650 0 $aNewsletters$xDesign.
700 1 $aPettit, Elinor.